11 to 1 Sorting Gallery Quiz Stats

 Plays Quiz Updated Jun 26, 2017

Support Sporcle.
Go Orange.
Score 0/66 Timer 10:00
5 Plays Today
% Correct
Ell
93%
Eff
92.8%
Ay
92.7%
Ess
92.5%
Jay
92.3%
Kay
92.3%
Dee
92.1%
Gee
91.5%
Second Baseman
90.1%
First Baseman
89.8%
Right Fielder
89.6%
Left Fielder
89.5%
Third Baseman
89.1%
Center Fielder
88.7%
Harvard
88.5%
Pitcher
88.4%
Catcher
88.3%
Atlantic
88.1%
King
87.9%
Knight
87.7%
Queen
87.7%
Pacific
87.6%
Pawn
87.1%
Bishop
87%
Princeton
86.5%
Rook
85.2%
Indian
85%
Arctic
84.9%
Dartmouth
84.8%
The Hunger Games
84%
Shortstop
83.8%
Columbia
83.7%
Calcite
82.8%
% Correct
Catching Fire
81.8%
Quartz
81.6%
Yale
81%
Aitch
80.7%
Cornell
80.7%
Topaz
79.8%
Semicolon
78.9%
Diamond
78.5%
Fluorite
78.4%
Brown
78.2%
Gypsum
75.6%
Port
75.1%
Talc
74.1%
Death
73.7%
Mockingjay
72%
Starboard
71.6%
Famine
70.3%
Pestilence
69.1%
Capitoline
68.2%
Apostrophe
67.2%
Palatine
65.5%
Southern
65.5%
Aventine
65.2%
Penn
64.8%
War
63.4%
Esquiline
62.1%
Apatite
61.7%
Caelian
60.7%
Quirinal
47.9%
Hepburn
47%
Viminal
45.5%
Corundum
40%
Orthoclase
23.5%

You're not logged in!

Compare scores with friends on all Sporcle quizzes.
OR
Log In
Forgot?

From the Vault

TV Actors

by SporcleAdmin

Hello, I'm Troy McClure. You might remember me from such quizzes such as 'The Simpsons' and 'Things to do in Morocco with five dollars'.
Remove Ads.
Support Sporcle.
Get the best of Sporcle when you Go Orange. This ad-free experience offers more features, more stats, and more fun while also helping to support Sporcle. Thank you for becoming a member.

Show Comments

Extras

Top Quizzes Today


Score Distribution

Your Account Isn't Verified!

In order to create a playlist on Sporcle, you need to verify the email address you used during registration. Go to your Sporcle Settings to finish the process.

Report this User

Report this user for behavior that violates our Community Guidelines.

Details: